Welcome to the Holygrace Academy Library

Please use search bar below to get started

MISCHIEVOUS HANUMAN (Record no. 7419)

MARC details
000 -LEADER
fixed length control field 00290nam a22001337a 4500
082 ## - DEWEY DECIMAL CLASSIFICATION NUMBER
Classification number 823
Item number ABR/M
100 ## - MAIN ENTRY--AUTHOR NAME
Personal name NARI, ABRAR
100 ## - MAIN ENTRY--AUTHOR NAME
Personal name WARR, R P
245 ## - TITLE STATEMENT
Title MISCHIEVOUS HANUMAN
260 ## - PUBLICATION, DISTRIBUTION, ETC. (IMPRINT)
Place of publication CHENNAI
Name of publisher SEASONS PUBLISHING
300 ## - PHYSICAL DESCRIPTION
Number of Pages 124
650 ## - SUBJECT ADDED ENTRY--TOPICAL TERM
Topical Term ENGLISH STORY
Geographic subdivision INDIA
942 ## - ADDED ENTRY ELEMENTS (KOHA)
Koha item type Books
Holdings
Withdrawn status Lost status Collection code Home library Current library Date acquired Source of acquisition Full call number Accession Number Koha item type
Withdrawn Damaged Item Fiction Main Library Main Library 07/10/2006 purchase 823 ABR/M 00486 Books